000 00384nam a2200145 a 4500
005 20140412111329.0
008 110120s19uu xx 00 eng d
020 _a0-439-11333-4
050 _aTR(PS E
_bDi54 1997
100 _aWilbur, Richard
245 _aThe Disappearing Alphabet /
_cRichard Wilbur.
260 _aU.S.A :
_bScholastic,
_c1997.
300 _aunp.
999 _c104816
_d104816